[Event "Verona op-B"]
[Site "Verona"]
[Date "2019.01.05"]
[Round "5"]
[White "Leali, Pietro"]
[Black "Borboni, Paolo"]
[Result "1-0"]
[WhiteElo "1727"]
[BlackElo "1627"]
[PlyCount "91"]
[EventDate "2019.01.02"]
[EventType "swiss"]
[EventRounds "7"]
[EventCountry "ITA"]
[SourceTitle "CBM 188 Extra"]
[Source "ChessBase"]
[SourceDate "2019.02.26"]
[SourceVersion "1"]
[SourceVersionDate "2019.02.26"]
[SourceQuality "1"]

1. d4 d5 2. Nf3 Nf6 3. e3 e6 4. Bd3 Nbd7 5. b3 c6 6. Nbd2 Bd6 7. Bb2 0-0 8. 0-0 Re8 9. Ne5 Nf8 10. f4 Ng6 11. Rf3 Qe7 12. a4 Nd7 13. Rh3 Ngf8 14. Nxd7 Bxd7 15. Bxh7+ Nxh7 16. Qh5 Qf6 17. Qxh7+ Kf8 18. Rg3 g6 19. Nf3 Ke7 20. Qh6 Rh8 21. Qg5 Rh5 22. Qxf6+ Kxf6 23. Ne5 Be8 24. Ba3 Be7 25. c4 dxc4 26. Nxc4 b5 27. Ne5 a5 28. Rc1 b4 29. Bb2 Ra6 30. Nxc6 Bxc6 31. d5+ Kf5 32. Rxc6 Rxc6 33. dxc6 Ke4 34. Bd4 Kd5 35. Rg5+ Rxg5 36. fxg5 Kxc6 37. h3 Kd5 38. Kf2 Ke4 39. Ke2 e5 40. Bc5 Bd8 41. h4 Kd5 42. Ba7 Bc7 43. g4 e4 44. h5 gxh5 45. gxh5 Ke6 46. h6 1-0

[Event "Verona op-B"]
[Site "Verona"]
[Date "2019.01.04"]
[Round "4"]
[White "Borboni, Paolo"]
[Black "Macalello, Angelo"]
[Result "1-0"]
[WhiteElo "1627"]
[BlackElo "1654"]
[PlyCount "35"]
[EventDate "2019.01.02"]
[EventType "swiss"]
[EventRounds "7"]
[EventCountry "ITA"]
[SourceTitle "CBM 188 Extra"]
[Source "ChessBase"]
[SourceDate "2019.02.26"]
[SourceVersion "1"]
[SourceVersionDate "2019.02.26"]
[SourceQuality "1"]

1. d4 Nf6 2. c4 e6 3. Nc3 Bb4 4. a3 Bxc3+ 5. bxc3 Ne4 6. Nf3 b6 7. e3 Bb7 8. Bd3 f5 9. Bb2 0-0 10. h4 d6 11. Bc2 Nd7 12. d5 e5 13. Bxe4 fxe4 14. Ng5 Nc5 15. Qh5 h6 16. 0-0-0 Rxf2 17. Qg6 Rf6 18. Qh7+ 1-0

[Event "Verona op-B"]
[Site "Verona"]
[Date "2019.01.02"]
[Round "1"]
[White "Battagin, Mose"]
[Black "Borboni, Paolo"]
[Result "1/2-1/2"]
[WhiteElo "1769"]
[BlackElo "1627"]
[PlyCount "113"]
[EventDate "2019.01.02"]
[EventType "swiss"]
[EventRounds "7"]
[EventCountry "ITA"]
[SourceTitle "CBM 188 Extra"]
[Source "ChessBase"]
[SourceDate "2019.02.26"]
[SourceVersion "1"]
[SourceVersionDate "2019.02.26"]
[SourceQuality "1"]

1. e4 e5 2. Nf3 Nc6 3. Bc4 Nf6 4. d3 Be7 5. Nc3 0-0 6. Nd5 d6 7. c3 Bd7 8. Bb3 Na5 9. Bc2 c5 10. 0-0 b5 11. d4 Nxd5 12. exd5 cxd4 13. cxd4 f6 14. Qd3 g6 15. b3 Rc8 16. Qd2 Qc7 17. Bd3 Nb7 18. Bb2 Qa5 19. b4 Qc7 20. Rad1 Nd8 21. Rc1 Qb7 22. Rxc8 Bxc8 23. Bc2 Nf7 24. dxe5 Nxe5 25. Nxe5 fxe5 26. Re1 Bd8 27. Be4 Bb6 28. Rf1 Qf7 29. Qe2 a6 30. Bc1 Bb7 31. Bh6 Rc8 32. Qf3 Rc4 33. a3 Qxf3 34. gxf3 Bd4 35. Rd1 Bb2 36. Rd3 Bd4 37. Be3 Bxe3 38. fxe3 Kf7 39. Kf2 Kf6 40. Kg3 Kg5 41. h4+ Kf6 42. Rb3 h6 43. Rd3 g5 44. hxg5+ Kxg5 45. Rb3 h5 46. Bd3 h4+ 47. Kh2 Rc1 48. Be4 Bc8 49. Rb1 Rxb1 50. Bxb1 Bd7 51. Bd3 Bc8 52. Bc2 Bf5 53. Bxf5 Kxf5 54. Kh3 Kg5 55. Kh2 Kf5 56. Kh3 Kg5 57. Kh2 1/2-1/2

[Event "Crema op-B 17th"]
[Site "Crema"]
[Date "2016.09.04"]
[Round "5"]
[White "Borboni, Paolo"]
[Black "Raimondi, Celso"]
[Result "1/2-1/2"]
[WhiteElo "1729"]
[BlackElo "1623"]
[PlyCount "127"]
[EventDate "2016.09.02"]
[EventType "swiss"]
[EventRounds "6"]
[EventCountry "ITA"]
[SourceTitle "EXT 2018"]
[Source "ChessBase"]
[SourceDate "2017.10.13"]
[SourceVersion "1"]
[SourceVersionDate "2017.10.13"]
[SourceQuality "1"]

1. d4 d5 2. c4 c6 3. Nc3 Nf6 4. cxd5 cxd5 5. Bf4 e6 6. e3 a6 7. Bd3 Bd6 8. Nge2 Bxf4 9. Nxf4 b5 10. a3 Bb7 11. Rc1 0-0 12. 0-0 Nbd7 13. Bb1 Rc8 14. Nd3 Nb6 15. b3 Nbd7 16. f4 Qe7 17. b4 Nb6 18. Ne5 Nc4 19. Qd3 g6 20. Nxc4 Rxc4 21. Ne2 Rfc8 22. Ba2 Rxc1 23. Rxc1 Rxc1+ 24. Nxc1 Qc7 25. Ne2 Ne4 26. Bb3 Bc8 27. g3 Bd7 28. Kg2 a5 29. Qc2 Qb6 30. Nc1 axb4 31. axb4 Qa7 32. Nd3 Nd6 33. Ne5 Nc4 34. Kf2 Be8 35. Qa2 Qxa2+ 36. Bxa2 Na3 37. Bb3 f6 38. Nd3 Kf8 39. Nc5 Ke7 40. Kf3 Bc6 41. Kg4 Nc4 42. Kf3 Nd2+ 43. Ke2 Nxb3 44. Nxb3 Kd6 45. Kd3 e5 46. Na5 Ba8 47. Nb3 Bb7 48. Nc5 Bc8 49. Nb3 Bf5+ 50. Kc3 h5 51. h4 exf4 52. exf4 Bg4 53. Kd3 Bf3 54. Nc5 Bd1 55. Kd2 Bg4 56. Kd3 Bh3 57. Ke2 Bg2 58. Kf2 Bh1 59. Ke3 Bg2 60. Kf2 Bh3 61. Ke3 Bg4 62. Kd2 Bf3 63. Ke3 Bd1 64. Kd2 1/2-1/2

[Event "Crema op-B 17th"]
[Site "Crema"]
[Date "2016.09.02"]
[Round "2"]
[White "Colonetti, Fabio"]
[Black "Borboni, Paolo"]
[Result "1-0"]
[WhiteElo "1848"]
[BlackElo "1729"]
[PlyCount "92"]
[EventDate "2016.09.02"]
[EventType "swiss"]
[EventRounds "6"]
[EventCountry "ITA"]
[SourceTitle "EXT 2018"]
[Source "ChessBase"]
[SourceDate "2017.10.13"]
[SourceVersion "1"]
[SourceVersionDate "2017.10.13"]
[SourceQuality "1"]

1. e4 e5 2. Nf3 Nc6 3. Bb5 a6 4. Ba4 Nf6 5. d3 d6 6. 0-0 Be7 7. c3 0-0 8. Re1 b5 9. Bc2 Bb7 10. Nbd2 Ne8 11. Nf1 g6 12. Ng3 Ng7 13. d4 Bf6 14. d5 Ne7 15. h3 Ne8 16. Nh2 Bg7 17. Bb3 Kh8 18. Bg5 f6 19. Bd2 f5 20. exf5 gxf5 21. Bg5 Bf6 22. h4 Bxg5 23. hxg5 Ng6 24. Qh5 Qe7 25. Ne2 Qf7 26. Rad1 Ng7 27. Qh6 a5 28. a3 Rae8 29. Rd3 f4 30. Ng4 Nf5 31. Qh2 Re7 32. Rh3 Nfh4 33. Rxh4 Nxh4 34. Qxh4 Qg6 35. f3 Rg7 36. Qh3 Bc8 37. Kf2 Bxg4 38. Qxg4 Qxg5 39. Qxg5 Rxg5 40. Rh1 Rfg8 41. Rh2 R8g7 42. Bc2 Kg8 43. Bd3 Re7 44. Bxb5 e4 45. Nxf4 exf3 46. gxf3 c5 1-0

[Event "Vescovato Gerolamo op-A 13th"]
[Site "Vescovato"]
[Date "2014.04.27"]
[Round "6"]
[White "Volpati, Antonio"]
[Black "Borboni, Paolo"]
[Result "0-1"]
[WhiteElo "1630"]
[BlackElo "1724"]
[PlyCount "114"]
[EventDate "2014.04.25"]
[EventType "swiss"]
[EventRounds "6"]
[EventCountry "ITA"]
[SourceTitle "EXT 2015"]
[Source "ChessBase"]
[SourceDate "2014.11.20"]
[SourceVersion "1"]
[SourceVersionDate "2014.11.20"]
[SourceQuality "1"]

1. e4 e5 2. Nf3 Nc6 3. Bb5 a6 4. Ba4 Nf6 5. 0-0 Be7 6. Re1 b5 7. Bb3 d6 8. c3 0-0 9. d4 Bg4 10. Be3 Nxe4 11. Bd5 exd4 12. Bxd4 Bxf3 13. Qxf3 Ng5 14. Qe3 Nxd4 15. cxd4 Bf6 16. Bxa8 Qxa8 17. Nd2 c5 18. dxc5 dxc5 19. Qxc5 Ne6 20. Qb4 Bd4 21. Rxe6 Bxf2+ 22. Kxf2 fxe6+ 23. Nf3 Qd5 24. b3 g5 25. h3 Rf4 26. Qc3 b4 27. Qe3 e5 28. Kg3 h6 29. Re1 e4 30. Nd4 Qd6 31. Qd2 Rf3+ 32. Kg4 Qg3+ 33. Kh5 Rf6 34. Rxe4 Qc7 35. Ne6 Qf7+ 36. Kg4 Rxe6 37. Qd8+ Kh7 38. Qd3 h5+ 39. Kg3 Kh6 40. Rxe6+ Qxe6 41. Qf3 Qe1+ 42. Kh2 Qe5+ 43. Qg3 Qf4 44. Qxf4 gxf4 45. g3 Kg5 46. Kg2 Kf5 47. Kf3 fxg3 48. Kxg3 Kg5 49. h4+ Kf5 50. Kf3 a5 51. Ke3 Kg4 52. Ke4 Kxh4 53. Kf4 Kh3 54. Kf3 h4 55. Kf2 Kg4 56. Kg2 Kf4 57. Kh3 Ke4 0-1

[Event "Vescovato Gerolamo op-A 13th"]
[Site "Vescovato"]
[Date "2014.04.26"]
[Round "4"]
[White "Borboni, Paolo"]
[Black "Minerva, Enzo"]
[Result "0-1"]
[WhiteElo "1724"]
[BlackElo "2022"]
[PlyCount "100"]
[EventDate "2014.04.25"]
[EventType "swiss"]
[EventRounds "6"]
[EventCountry "ITA"]
[SourceTitle "EXT 2015"]
[Source "ChessBase"]
[SourceDate "2014.11.20"]
[SourceVersion "1"]
[SourceVersionDate "2014.11.20"]
[SourceQuality "1"]

1. d4 Nf6 2. c4 e6 3. Nc3 c5 4. d5 exd5 5. cxd5 d6 6. e4 g6 7. Nf3 Bg7 8. Bd3 Bg4 9. Bg5 0-0 10. h3 Bxf3 11. Qxf3 Nbd7 12. 0-0 Ne5 13. Qe2 h6 14. Bh4 Qb6 15. Rad1 Rac8 16. Bb1 Qb4 17. Qb5 a6 18. Qxb4 cxb4 19. Ne2 Nc4 20. b3 Na3 21. f3 Nxb1 22. Rxb1 Rc2 23. Nc1 Rfc8 24. Bg3 Ne8 25. Bf4 Bd4+ 26. Kh1 g5 27. Bg3 Kg7 28. Nd3 Rd2 29. Rbd1 Bc3 30. Rxd2 Bxd2 31. Be1 Bxe1 32. Rxe1 a5 33. Rc1 Rc3 34. Rxc3 bxc3 35. a4 Nc7 36. Kg1 Na6 37. Kf2 c2 38. Ke2 Nb4 39. Nc1 Kf6 40. Kd2 Ke5 41. Ne2 f5 42. exf5 Kxf5 43. Nc3 Ke5 44. Kc1 Kd4 45. Nb5+ Kxd5 46. Na3 Kd4 47. Nxc2+ Nxc2 48. Kxc2 Ke3 49. h4 gxh4 50. Kd1 h3 0-1

[Event "Vescovato Gerolamo op-A 13th"]
[Site "Vescovato"]
[Date "2014.04.26"]
[Round "3"]
[White "Borboni, Paolo"]
[Black "Pinna, Ferdinando"]
[Result "0-1"]
[WhiteElo "1724"]
[BlackElo "1938"]
[PlyCount "48"]
[EventDate "2014.04.25"]
[EventType "swiss"]
[EventRounds "6"]
[EventCountry "ITA"]
[SourceTitle "EXT 2015"]
[Source "ChessBase"]
[SourceDate "2014.11.20"]
[SourceVersion "1"]
[SourceVersionDate "2014.11.20"]
[SourceQuality "1"]

1. d4 Nf6 2. c4 g6 3. Nc3 d5 4. cxd5 Nxd5 5. e4 Nxc3 6. bxc3 Bg7 7. Bc4 c5 8. Be3 Nc6 9. Ne2 0-0 10. Rc1 cxd4 11. cxd4 Qa5+ 12. Kf1 Qa3 13. Rc3 Qd6 14. h4 h5 15. Qd2 Rd8 16. Rd3 Qb4 17. Qxb4 Nxb4 18. Rd2 b6 19. d5 Bb7 20. Nd4 Rac8 21. Be2 Rc1+ 22. Rd1 Rxd1+ 23. Bxd1 e6 24. dxe6 fxe6 0-1

[Event "Crema op 15th"]
[Site "Crema"]
[Date "2013.09.01"]
[Round "6"]
[White "Rosini, Luca Ungaro"]
[Black "Borboni, Paolo"]
[Result "1/2-1/2"]
[WhiteElo "1527"]
[BlackElo "1729"]
[PlyCount "85"]
[EventDate "2013.08.30"]
[EventType "swiss"]
[EventRounds "6"]
[EventCountry "ITA"]
[SourceTitle "EXT 2015"]
[Source "ChessBase"]
[SourceDate "2014.11.20"]
[SourceVersion "1"]
[SourceVersionDate "2014.11.20"]
[SourceQuality "1"]

1. d4 d5 2. c4 e6 3. Nf3 Nf6 4. Bg5 Be7 5. Nc3 0-0 6. e3 c6 7. cxd5 exd5 8. Bd3 Nbd7 9. 0-0 Re8 10. Qc2 Nf8 11. Ne5 Ng6 12. f4 Ng4 13. Nxg4 Bxg4 14. h3 Bxg5 15. hxg4 Be7 16. g5 Bd6 17. Rae1 Nf8 18. g3 g6 19. Rf2 Ne6 20. Qd2 Qe7 21. Rh2 Nxd4 22. Kf2 Ne6 23. Reh1 Nf8 24. Rh6 Bc5 25. Nd1 Rad8 26. Kf3 f5 27. gxf6 Qxf6 28. f5 Rd7 29. Kg2 Qg5 30. fxg6 Bxe3 31. gxh7+ Kh8 32. Nxe3 Qxe3 33. Qc3+ d4 34. Qc4 Rg7 35. R6h3 Qd2+ 36. Kg1 Re1+ 37. Bf1 Qe3+ 38. Kg2 Rxh7 39. Rxh7+ Nxh7 40. Qf7 Qe4+ 41. Kg1 Qe3+ 42. Kg2 Qe4+ 43. Kg1 1/2-1/2

[Event "Crema op 15th"]
[Site "Crema"]
[Date "2013.08.30"]
[Round "1"]
[White "Borboni, Paolo"]
[Black "Poletti, Guido"]
[Result "0-1"]
[WhiteElo "1729"]
[BlackElo "1311"]
[PlyCount "48"]
[EventDate "2013.08.30"]
[EventType "swiss"]
[EventRounds "6"]
[EventCountry "ITA"]
[SourceTitle "EXT 2015"]
[Source "ChessBase"]
[SourceDate "2014.11.20"]
[SourceVersion "1"]
[SourceVersionDate "2014.11.20"]
[SourceQuality "1"]

1. d4 Nf6 2. c4 g6 3. Nc3 Bg7 4. e4 d6 5. f3 Nc6 6. Be3 0-0 7. Qd2 e5 8. d5 Ne7 9. Bh6 Ne8 10. g4 f5 11. Bxg7 Nxg7 12. gxf5 gxf5 13. h4 Ng6 14. h5 Nf4 15. h6 Ngh5 16. Nge2 Kh8 17. Nxf4 Nxf4 18. 0-0-0 fxe4 19. Nxe4 Bf5 20. Bd3 Rg8 21. Nxd6 Nxd3+ 22. Qxd3 Qg5+ 23. f4 Qxf4+ 24. Kc2 Bxd3+ 0-1

[Event "Crema op 13th"]
[Site "Crema"]
[Date "2011.09.03"]
[Round "3"]
[White "Vuckovic, Dimitrije"]
[Black "Borboni, Paolo"]
[Result "0-1"]
[WhiteElo "1580"]
[BlackElo "1726"]
[PlyCount "104"]
[EventDate "2011.09.02"]
[EventType "swiss"]
[EventRounds "6"]
[EventCountry "ITA"]
[SourceTitle "EXT 2022"]
[Source "ChessBase"]
[SourceDate "2021.10.06"]
[SourceVersion "1"]
[SourceVersionDate "2021.10.06"]
[SourceQuality "1"]

1. Nf3 d5 2. c4 e6 3. g3 Nf6 4. Bg2 Be7 5. 0-0 0-0 6. d4 Nbd7 7. b3 c6 8. Nc3 Re8 9. Bb2 Qc7 10. Rc1 Bf8 11. Re1 g6 12. e4 dxe4 13. Nxe4 Nxe4 14. Rxe4 Bg7 15. Qe2 b6 16. d5 Bxb2 17. Qxb2 Nc5 18. Re3 cxd5 19. cxd5 Qd8 20. Rce1 Bb7 21. dxe6 Rxe6 22. Rxe6 Nxe6 23. Qe2 Qc7 24. Rd1 Rd8 25. Rxd8+ Qxd8 26. Ne1 Bxg2 27. Kxg2 Qg5 28. Qe3 Qxe3 29. fxe3 Kg7 30. Nd3 Kf6 31. Kf3 Nd8 32. Nb4 Ke6 33. Ke4 Kd6 34. h4 f5+ 35. Kd4 b5 36. a3 Ne6+ 37. Kd3 Nc5+ 38. Kc2 Ne4 39. Nd3 Nxg3 40. Nf4 Ke5 41. Kc3 a5 42. a4 Ne4+ 43. Kd3 Nc5+ 44. Kc3 bxa4 45. b4 axb4+ 46. Kxb4 Ne6 47. Ng2 Ke4 48. Kxa4 Kf3 49. Ne1+ Kxe3 50. Nc2+ Kf4 51. Kb3 Kg4 52. h5 Kxh5 0-1

[Event "Crema op 12th"]
[Site "Crema "]
[Date "2010.09.05"]
[Round "1"]
[White "Astengo, Marcello"]
[Black "Borboni, Paolo"]
[Result "1-0"]
[WhiteElo "2064"]
[BlackElo "1745"]
[PlyCount "72"]
[EventDate "2010.09.05"]
[EventType "swiss"]
[EventRounds "6"]
[EventCountry "ITA"]
[SourceTitle "EXT 2012"]
[Source "ChessBase"]
[SourceDate "2011.11.24"]
[SourceVersion "1"]
[SourceVersionDate "2011.11.24"]
[SourceQuality "1"]

1. d4 d5 2. c4 e6 3. Nc3 Nf6 4. cxd5 exd5 5. Bg5 Nbd7 6. e3 c6 7. Bd3 Be7 8. Qc2 0-0 9. Nge2 Re8 10. 0-0 Nf8 11. f3 Ng6 12. h3 Nh5 13. Bxe7 Qxe7 14. e4 Qg5 15. Kh2 Ngf4 16. Rg1 Qh4 17. Nxf4 Nxf4 18. Bf1 Nh5 19. Rd1 dxe4 20. g3 Qg5 21. fxe4 Qe3 22. e5 Re6 23. Rd3 Qh6 24. Rf3 Rg6 25. Qb3 Be6 26. Qxb7 Rf8 27. Qxa7 Bg4 28. Rf2 Qe3 29. Rc2 Bf3 30. Qa6 Nf4 31. d5 Nh5 32. Qd3 Qxd3 33. Bxd3 cxd5 34. Bxg6 fxg6 35. Rf1 Be4 36. Rxf8+ Kxf8 1-0

[Event "Crema op 11th"]
[Site "Crema"]
[Date "2009.09.06"]
[Round "6"]
[White "Calvi, Luca"]
[Black "Borboni, Paolo"]
[Result "0-1"]
[WhiteElo "1622"]
[BlackElo "1750"]
[PlyCount "60"]
[EventDate "2009.09.04"]
[EventType "swiss"]
[EventRounds "6"]
[EventCountry "ITA"]
[SourceTitle "EXT 2011"]
[Source "ChessBase"]
[SourceDate "2010.11.26"]
[SourceVersion "1"]
[SourceVersionDate "2010.11.26"]
[SourceQuality "1"]

1. d4 d5 2. c4 e6 3. Nc3 Nf6 4. cxd5 Nxd5 5. e4 Nxc3 6. bxc3 c5 7. Nf3 Qc7 8. Bb5+ Bd7 9. Bxd7+ Nxd7 10. 0-0 Be7 11. Be3 0-0 12. Rc1 c4 13. Qc2 b5 14. Nd2 Nf6 15. e5 Nd5 16. Rce1 Rfc8 17. f4 Qa5 18. Ne4 b4 19. Bd2 bxc3 20. Bxc3 Nxc3 21. Nxc3 Bb4 22. Re3 Bxc3 23. Rxc3 Qa6 24. Rc1 g6 25. a4 Qa5 26. Rxc4 Rxc4 27. Qxc4 Qd2 28. g3 Rd8 29. Rb1 Qe3+ 30. Kg2 Qe4+ 0-1

[Event "Bergamo op 4th"]
[Site "Bergamo"]
[Date "2005.07.31"]
[Round "5"]
[White "Regorda, Vittorio"]
[Black "Borboni, Paolo"]
[Result "1-0"]
[WhiteElo "1814"]
[BlackElo "1879"]
[PlyCount "51"]
[EventDate "2005.07.29"]
[EventType "swiss"]
[EventRounds "6"]
[EventCountry "ITA"]
[SourceTitle "EXT 2007"]
[Source "ChessBase"]
[SourceDate "2006.11.23"]
[SourceVersion "1"]
[SourceVersionDate "2006.11.23"]
[SourceQuality "1"]

1. c4 Nf6 2. Nc3 g6 3. g3 e5 4. Bg2 Bg7 5. e4 d6 6. Nge2 0-0 7. d3 Nbd7 8. 0-0 a5 9. h3 Nc5 10. Be3 Ne8 11. f4 exf4 12. Nxf4 Ne6 13. Qc2 Nd4 14. Qd2 Be5 15. Nce2 Nxe2+ 16. Nxe2 c5 17. Rf2 Ng7 18. d4 cxd4 19. Bxd4 Qe7 20. Raf1 Nh5 21. Bxe5 dxe5 22. g4 Ng7 23. Nc3 Be6 24. Nd5 Qc5 25. Nf6+ Kh8 26. Qh6 1-0

[Event "Bergamo op 4th"]
[Site "Bergamo"]
[Date "2005.07.30"]
[Round "4"]
[White "Giannetta, Paolo"]
[Black "Borboni, Paolo"]
[Result "1-0"]
[WhiteElo "2067"]
[BlackElo "1879"]
[PlyCount "61"]
[EventDate "2005.07.29"]
[EventType "swiss"]
[EventRounds "6"]
[EventCountry "ITA"]
[SourceTitle "EXT 2007"]
[Source "ChessBase"]
[SourceDate "2006.11.23"]
[SourceVersion "1"]
[SourceVersionDate "2006.11.23"]
[SourceQuality "1"]

1. d4 Nf6 2. c4 g6 3. Nc3 Bg7 4. e4 d6 5. f4 0-0 6. Nf3 c5 7. d5 b5 8. cxb5 a6 9. Bd2 axb5 10. Bxb5 Qb6 11. Qe2 Bg4 12. 0-0 Ra5 13. a4 Nh5 14. e5 Bh6 15. Qc4 Bxf3 16. Rxf3 dxe5 17. Ne4 Ra7 18. fxe5 Bxd2 19. Nxd2 Nd7 20. Re1 Qa5 21. Qc3 Qb6 22. Nc4 Qd8 23. g4 Ng7 24. Qe3 Qc7 25. Qh6 f5 26. Rh3 fxg4 27. Qxh7+ Kf7 28. e6+ Kf6 29. Qh4+ g5 30. Qh6+ Kf5 31. Qh7+ 1-0

[Event "Crema op 05th"]
[Site "Crema"]
[Date "2003.09.07"]
[Round "5"]
[White "Borboni, Paolo"]
[Black "Romano, Zeno"]
[Result "1-0"]
[WhiteElo "1629"]
[BlackElo "1500"]
[PlyCount "105"]
[EventDate "2003.09.05"]
[EventType "swiss"]
[EventRounds "6"]
[EventCountry "ITA"]
[SourceTitle "EXT 2007"]
[Source "ChessBase"]
[SourceDate "2006.11.23"]
[SourceVersion "1"]
[SourceVersionDate "2006.11.23"]
[SourceQuality "1"]

1. e4 e5 2. Nf3 Nc6 3. d4 exd4 4. Bc4 Bb4+ 5. c3 dxc3 6. 0-0 d6 7. Qb3 Qe7 8. Nxc3 Nf6 9. Nd5 Nxd5 10. exd5 Ne5 11. Qxb4 Nxf3+ 12. gxf3 0-0 13. Bd3 Bh3 14. Re1 Qf6 15. Qe4 g6 16. Qf4 Rfe8 17. Be3 Qxb2 18. Qd4 Qxd4 19. Bxd4 Bd7 20. Re3 f5 21. Rae1 Kf7 22. f4 b5 23. Rc1 Rec8 24. Be2 c5 25. dxc6 Rxc6 26. Rxc6 Bxc6 27. Rc3 Bd7 28. Rc7 Ke6 29. Bf3 Rc8 30. Rxc8 Bxc8 31. Bxa7 d5 32. Bd4 Kd6 33. a3 Be6 34. Be2 Kc6 35. Kg2 Bd7 36. Kf3 Kd6 37. Bc3 Kc5 38. Ke3 Bc6 39. Bb4+ Kb6 40. Kd4 Kc7 41. Kc5 h6 42. Bxb5 Bb7 43. Be2 Kd7 44. a4 g5 45. fxg5 hxg5 46. a5 g4 47. a6 Ba8 48. a7 Kc7 49. Kd4 Kb7 50. Bc5 Kc6 51. Bd1 Kb5 52. Bb3 Ka5 53. Bxd5 1-0

[Event "Crema op 04th"]
[Site "Crema"]
[Date "2002.09.07"]
[Round "3"]
[White "Borboni, Paolo"]
[Black "Panizzi, Giuseppe"]
[Result "0-1"]
[WhiteElo "1521"]
[BlackElo "1859"]
[PlyCount "78"]
[EventDate "2002.09.06"]
[EventType "swiss"]
[EventRounds "6"]
[EventCountry "ITA"]
[SourceTitle "EXT 2007"]
[Source "ChessBase"]
[SourceDate "2006.11.23"]
[SourceVersion "1"]
[SourceVersionDate "2006.11.23"]
[SourceQuality "1"]

1. e4 c5 2. c3 Nc6 3. d4 cxd4 4. cxd4 d6 5. Nf3 g6 6. d5 Nb8 7. Be3 Bg7 8. Nc3 Nd7 9. Qd2 Ngf6 10. Bh6 Bxh6 11. Qxh6 Qb6 12. Qd2 a6 13. Rc1 Nc5 14. Qc2 Bg4 15. Nd2 Rc8 16. Be2 Bxe2 17. Nxe2 0-0 18. Qb1 Ng4 19. 0-0 Ne5 20. Nc4 Nxc4 21. Rxc4 Nd7 22. Rfc1 Rxc4 23. Rxc4 Ne5 24. Rc3 f5 25. Ng3 fxe4 26. Nxe4 Qd4 27. Rc7 Rf4 28. Rxe7 Qxe4 29. Qc1 Qc4 30. Qe1 Re4 31. Qd1 Qe2 32. Qxe2 Rxe2 33. Kf1 Rxb2 34. f4 Nf7 35. h4 b5 36. g4 Rxa2 37. f5 gxf5 38. gxf5 Ra4 39. f6 Rf4+ 0-1

[Event "Crema op 04th"]
[Site "Crema"]
[Date "2002.09.07"]
[Round "4"]
[White "Florio, Italo"]
[Black "Borboni, Paolo"]
[Result "0-1"]
[WhiteElo "1437"]
[BlackElo "1521"]
[PlyCount "54"]
[EventDate "2002.09.06"]
[EventType "swiss"]
[EventRounds "6"]
[EventCountry "ITA"]
[SourceTitle "EXT 2007"]
[Source "ChessBase"]
[SourceDate "2006.11.23"]
[SourceVersion "1"]
[SourceVersionDate "2006.11.23"]
[SourceQuality "1"]

1. Nf3 d6 2. g3 e5 3. d3 Nc6 4. Bg2 Be6 5. 0-0 Qd7 6. Nfd2 Bh3 7. e4 Bxg2 8. Kxg2 h5 9. f4 exf4 10. Rxf4 g5 11. Rf5 g4 12. c3 Nge7 13. Rf2 0-0-0 14. Rxf7 Ne5 15. Rf2 Nxd3 16. Re2 Nc6 17. Nf1 Nxc1 18. Qxc1 Bh6 19. Qc2 Ne5 20. Ne3 Bxe3 21. Rxe3 Rdf8 22. Nd2 h4 23. Rh1 h3+ 24. Kg1 Qf7 25. Re2 Nc4 26. Qc1 Nxd2 27. Rxd2 Rh6 0-1